000 00304nam a22001337a 4500
008 180216b xxu||||| |||| 00| 0 eng d
020 _a9781437701210
041 _aeng
080 _22nd
_a616.34
100 _a9
101 _aGAS
245 _aNetter's gastroenterology
_cKowdley,K.V
942 _2udc
_cBK
999 _c42744
_d42744